Κβαντική υπολογιστική : από τη θεωρία στην πράξη
Saved in:
| Main Author: | |
|---|---|
| Format: | Book |
| Language: | Greek |
| Published: |
Θεσσαλονίκη :
Εκδόσεις Τζιόλα,
2022.
|
| Subjects: | |
| Tags: |
Add Tag
No Tags, Be the first to tag this record!
|
MARC
| LEADER | 00000nam a2200000 a 4500 | ||
|---|---|---|---|
| 001 | 1/126549 | ||
| 008 | 230511t2022####gr | ||| |||| ||gre|| | ||
| 020 | |a 9789604189755 | ||
| 040 | |a GR-MyUa |b gre |c GR-MyUa |e AACR2 | ||
| 041 | 0 | |a gre | |
| 082 | 7 | |a 006.3843 |2 (23) | |
| 100 | 1 | |a Σάββας, Ηλίας Κ. | |
| 245 | 1 | 0 | |a Κβαντική υπολογιστική : |b από τη θεωρία στην πράξη / |c Ηλίας Κ. Σάββας, Μαρία Ε. Σαμπάνη. |
| 260 | |a Θεσσαλονίκη : |b Εκδόσεις Τζιόλα, |c 2022. | ||
| 300 | |a 371 σ. : |b εικ., διαγρ. ; |c 25 εκ. | ||
| 504 | |a Βιβλιογραφία: σ. 363-368. Περιέχει ευρετήριο. | ||
| 650 | 0 | |a Quantum computing. | |
| 852 | |a INST |b SAMOS |c EUDOXUS |e 20230510 |h 006.3843 ΣΑΒ |p 005300047968 |q 005300047968 |t EDX |y 0 | ||
| 920 | |a Εύδοξος |b Παραγγελία |y Σάμος-ΤΜΠΕΣ |z 2023-05 | ||
| 970 | |a Φιλιππή |b Φάλη |z 11-05-2023 | ||